Queen Elizabeth II: A Life in Pictures Quiz Stats

Quiz Updated Apr 21, 2016

Challenge
Share
Tweet
Score 0/40 Timer 10:00
1 Play Today
% Correct
The Beatles
93.7%
World War II
93.6%
Winston Churchill
93.1%
Coronation
92.3%
Opera
92%
Buckingham Palace
91.7%
King George VI
89.7%
Ronald Reagan
89.3%
Prince William
88.5%
Spice Girls
88.5%
Margaret Thatcher
88.3%
J.K. Rowling
88.1%
King Edward VIII
86.5%
James Bond
86.1%
Pembroke Welsh Corgi
85.8%
River Thames
85.3%
Prince Philip, Duke of Edinburgh
83.8%
Twitter
83.5%
York
81.3%
Hong Kong
80.9%
% Correct
Princess Anne
80.8%
Marilyn Monroe
80.8%
FIFA World Cup
79.1%
World War I
79.1%
2015
78.8%
John Paul II
78.4%
Princess Margaret
78.2%
Prince George
78.1%
Spencer
76.6%
Dame Helen Mirren
76.1%
Prince Andrew
75.6%
Kenya
75.3%
Ottawa
73.1%
Windsor Castle
72.4%
Prince of Wales
69.2%
Prince Edward
69.1%
Māori
68.4%
Mary
65.9%
Commonwealth of Nations
51.7%
Jamestown
49.6%

You're not logged in!

Compare scores with friends on all Sporcle quizzes.
Join for Free
OR
Log In

You Might Also Like...

Show Comments

Extras

Top Quizzes Today


Score Distribution

Your Account Isn't Verified!

In order to create a playlist on Sporcle, you need to verify the email address you used during registration. Go to your Sporcle Settings to finish the process.

Report this User

Report this user for behavior that violates our Community Guidelines.

Details: